Ký ức nóng bỏng về trận chiến đấu lịch sử ở cầu Rạch Chiếc

محفوظ في:
التفاصيل البيبلوغرافية
المؤلف الرئيسي: Ngọc Quang
التنسيق: كتاب
اللغة:Undetermined
الموضوعات:
الوصول للمادة أونلاين:http://lrc.tdmu.edu.vn/opac/search/detail.asp?aID=2&ID=23949
الوسوم: إضافة وسم
لا توجد وسوم, كن أول من يضع وسما على هذه التسجيلة!
Thư viện lưu trữ: Trung tâm Học liệu Trường Đại học Thủ Dầu Một
LEADER 00648nam a2200145Ia 4500
001 TDMU_23949
008 210410s9999 xx 000 0 und d
082 |a 959.704 
100 |a Ngọc Quang 
245 0 |a Ký ức nóng bỏng về trận chiến đấu lịch sử ở cầu Rạch Chiếc 
245 0 |c Ngọc Quang 
300 |a 4Tr 
650 |a Ký ức chiến tranh ; Kỷ niệm Chiến thắng 30/4; Chiến sĩ đặc công ; Lữ đoàn 316 ; Lịch sử 
856 |u http://lrc.tdmu.edu.vn/opac/search/detail.asp?aID=2&ID=23949 
980 |a Trung tâm Học liệu Trường Đại học Thủ Dầu Một